Normal view
MARC view
Entry Personal Name
001 - CONTROL NUMBER
- control field: 1237995
003 - CONTROL NUMBER IDENTIFIER
- control field: OSt
005 - DATE AND TIME OF LATEST TRANSACTION
- control field: 20260430150617.0
008 - FIXED-LENGTH DATA ELEMENTS
- fixed length control field: 260430|| aca||aabn | a|a d
040 ## - CATALOGING SOURCE
- Original cataloging agency: OSt
- Transcribing agency: OSt
100 ## - HEADING--PERSONAL NAME
- Personal name: Rajput Bhavna Au.; Sharma Alok Gu
670 ## - SOURCE DATA FOUND
- Source citation: Work cat.: (OSt)1850202: Rajput Bhavna Au.; Sharma Alok Gu., Freedom of Speech and Expression on Social Networking Websites: A Critical Study of Regulatory Mechanism with Special Reference to India, 2024
